1559 1881 1573 1830 1581 1779 1989 1522 1209 1989 1359 1281 1000 1600 1980 1051 1096 1680 1276 1191 1122 1859 1722 1413 1109 1775 1153 1996 1779 1225 1899 1295 1209 1664 1484 1342 1825 1717 1581 1478 1531 1159 1308 1839 1750 1844 1340 1643 1113 1034 1161 1203 1577 1533 1049 1849 1263 1264 1161 1658 1166 1560 1640 1056 1509 1351 1468 1657 1475 1202 1200 1103 1058 1035 1471 1131 1193 1144 1894 1587 1292 1074 1492 1805 1921 1491 1058 1585 1963 1336 1313 1070 1159 1339 1417 1457 1864 1469 1261 BCNSPRNW ULIB Ver.6.0+V

เปลี่ยนเป็นภาษาไทย

Change to English
 แสดงรายละเอียดบรรณานุกรม
  กลับหน้าหลัก

Brief Record : Get Marc (ISO 2709) : E-mail record : QR code < ปิดหน้าต่าง
LEADER : 00000nam 2200000uu 4500
001    13399110244
003     ULIB
008    110426s2546||||th 000 0 tha d
020    9749128133
060  4 WM55^bท668ค 2546
245 00 คู่มือการปรึกษาในสถานการณ์ยาเสพติด /^cกรมสุขภาพจิตกระทรวงสาธารณสุข ; บรรณาธิการ, เทอดศักดิ์ เดชคง
260    กรุงเทพฯ :^bกรมสุขภาพจิต,^c2546
300    105 หน้า ;^c30 ซม. +^eซีดี-รอม 2 แผ่น
650  7 ยาเสพติด^xแง่จิตวิทยา
650  7 การให้คำปรึกษา^xแง่จิตวิทยา
700 0  เทอดศักดิ์ เดชคง
945    ^p0^l0^i029199
995    ทศพร
999 ^a ใช้งานได้ทุกระบบ
รายการนี้ยังไม่มีแท็ก
คุณยังไม่ได้ล็อกอิน คุณสามารถมีกิจกรรมร่วมกับเว็บไซต์ได้ แต่ต้องล็อกอินก่อน ::
  ล็อกอิน

รายการสื่อสารสนเทศ

ลำดับที่ ประเภท เลขเรียก/บาร์โค้ด สถานที่ สถานะ
- ไม่พบข้อมูล -

BibComment


ยังไม่เคยถูกคอมเมนท์

คอมเมนท์ทรัพยากรรายการนี้
  คอมเมนท์: คู่มือการปรึกษาใน..


 Copyright 2026. Bcnsprnw @Library